| 000 | 00551cam a2200217 4500 | ||
|---|---|---|---|
| 001 | D1018 | ||
| 008 | 090401t1971 xxu||||| |||| 00| 0 eng d | ||
| 035 | _a(Sirsi) u62251 | ||
| 041 | _aeng | ||
| 050 | _a336.2109411 | ||
| 100 | _aArmour, S.B. | ||
| 245 | _aArmour on valuation for rating | ||
| 260 |
_aEdinburgh _bW Green _c1971 |
||
| 300 | _a1xx. 616p. 25cm | ||
| 350 | _a12 | ||
| 520 | _aFourth edition by J.P.H Mackay, J.J. Clyde, and J.A.D. Hope | ||
| 700 | _aClyde, J.J. | ||
| 700 | _aHope, J.A.D. | ||
| 942 | _n0 | ||
| 948 | _c04/03/1997 | ||
| 999 |
_c94384 _d94384 |
||